| 000 | 00684nam a2200241 a 4500 | ||
|---|---|---|---|
| 003 | BD-DhJNU | ||
| 005 | 20250514042832.0 | ||
| 008 | 791126s1980 cau b 001 0 eng | ||
| 020 | _a0803913494 | ||
| 040 |
_aBD-DhJNU _bENG _cBD-DhJNU _dBD-DhJNU |
||
| 082 | 0 | 0 |
_a307.2 ROW _223 |
| 100 | 1 | _aRossi, Peter H. | |
| 245 | 1 | 0 |
_aWhy families move / _cPeter H. Rossi and W. A. V. Clark |
| 250 | _a2d ed. | ||
| 260 |
_aBeverly Hills : _bSage Publications, _cc1980. |
||
| 300 |
_a243 p. ; _c23 cm. |
||
| 504 | _aBibliography | ||
| 500 | _aIncludes index | ||
| 650 | 0 | _aResidential mobility. | |
| 650 | 0 |
_aResidential mobility _zUnited States. |
|
| 700 | 1 | _aClark, W. A. V. | |
| 942 | _cBK | ||
| 999 |
_c1694 _d1694 |
||